000 00582nam a2200229Ia 4500
003 OSt
005 20220924133611.0
006 a|||||r|||| 00| 0
007 ta
008 220923b |||||||| |||| 00| 0 urd d
024 _a267315
037 _cTextual
040 _aARTS
_cARTS
_burd
041 _2urd
_aurd
082 _aO168,1M75:g, J4
100 _aAbdus Shakoor
_9206875
245 0 _aHasrat Muhani
_b Sawane hayat
260 _c1954
650 _aURDU POETRY
942 _hO168,1M75:g, J4
_cTEXL
_2CC
999 _c434378
_d434378